[Event "GBR-ch"]
[Site "Aberystwyth, Wales"]
[Date "2014.07.19"]
[Round "1.26"]
[White "Mason, Donald J"]
[Black "Zhang, Anthony Y"]
[Result "1/2-1/2"]
[WhiteElo "2167"]
[BlackElo "1926"]
[PlyCount "95"]
[EventDate "2014.07.19"]
[EventType "swiss"]
[EventRounds "11"]
[EventCountry "GBR"]
[Source "John Saunders"]
[SourceDate "2015.07.24"]

1. e4 c5 2. Nf3 Nc6 3. Bb5 g6 4. O-O Bg7 5. c3 Nf6 6. Qa4 O-O 7. d4 cxd4 8.
cxd4 Nxe4 9. d5 Nc5 10. Qa3 Qb6 11. Nc3 Nd4 12. Nxd4 Bxd4 13. Bh6 d6 14. Rad1
Be5 15. Rde1 Bf5 16. Rxe5 dxe5 17. Be3 a6 18. Bxc5 Qc7 19. d6 exd6 20. Bxd6 Qc8
21. Be2 Rd8 22. Bxe5 Qe6 23. Bf4 Bd3 24. Bxd3 Rxd3 25. Qb4 b5 26. Qe4 Qxe4 27.
Nxe4 Rc8 28. Re1 h5 29. h4 Rc6 30. Bg5 Kg7 31. Re2 f6 32. Nxf6 Rxf6 33. Bxf6+
Kxf6 34. a3 Kf5 35. f3 Rb3 36. Kf2 a5 37. Rc2 a4 38. Rc5+ Ke6 39. Rc2 b4 40.
axb4 Rxb4 41. g3 Rb3 42. g4 hxg4 43. fxg4 Ke5 44. h5 gxh5 45. gxh5 Kf5 46. Ke1
Kg5 47. Kd1 a3 48. bxa3 1/2-1/2

[Event "GBR-ch"]
[Site "Aberystwyth, Wales"]
[Date "2014.07.19"]
[Round "1.27"]
[White "Fraser, John"]
[Black "Willmoth, Robert F"]
[Result "1/2-1/2"]
[WhiteElo "1854"]
[BlackElo "2159"]
[PlyCount "82"]
[EventDate "2014.07.19"]
[EventType "swiss"]
[EventRounds "11"]
[EventCountry "GBR"]
[Source "John Saunders"]
[SourceDate "2015.07.24"]

1. e4 c6 2. d4 d5 3. exd5 cxd5 4. c4 Nf6 5. Nc3 Nc6 6. Nf3 Bg4 7. cxd5 Nxd5 8.
Qb3 Bxf3 9. gxf3 e6 10. Qxb7 Nxd4 11. Bb5+ Nxb5 12. Qc6+ Ke7 13. Qxb5 Qd7 14.
Nxd5+ Qxd5 15. Bg5+ f6 16. Qxd5 exd5 17. Be3 Ke6 18. O-O-O Rc8+ 19. Kb1 Bc5 20.
Rhe1 Bxe3 21. Rxe3+ Kd6 22. Rde1 Rc4 23. Re7 Rh4 24. Rxg7 Rxh2 25. Rxa7 Rxf2
26. Ra6+ Kc5 27. Rxf6 Rb8 28. Rc1+ Kd4 29. Rc2 Rf1+ 30. Rc1 Rxc1+ 31. Kxc1 Kd3
32. a4 Ra8 33. Rf5 d4 34. a5 Ra6 35. b4 Kc3 36. Rf7 h5 37. Rh7 Rg6 38. Rc7+
Kxb4 39. Kd2 Kxa5 40. Kd3 Rd6 41. Rc5+ Kb6 1/2-1/2

[Event "GBR-ch"]
[Site "Aberystwyth, Wales"]
[Date "2014.07.19"]
[Round "1.28"]
[White "Graham, David B"]
[Black "Slade, Theodore"]
[Result "1/2-1/2"]
[WhiteElo "2155"]
[BlackElo "1818"]
[PlyCount "57"]
[EventDate "2014.07.19"]
[EventType "swiss"]
[EventRounds "11"]
[EventCountry "GBR"]
[Source "John Saunders"]
[SourceDate "2015.07.24"]

1. e4 e6 2. Nc3 d5 3. d4 Nf6 4. Bg5 Bb4 5. e5 h6 6. Bd2 Bxc3 7. bxc3 Ne4 8. Bd3
Nxd2 9. Qxd2 c5 10. Nf3 Qa5 11. O-O Nc6 12. Rfd1 cxd4 13. cxd4 Qxd2 14. Rxd2
Bd7 15. Rb1 Na5 16. Re2 Rc8 17. Nd2 Ke7 18. f4 Ba4 19. Nf1 Rc7 20. Ne3 Nc6 21.
c3 Na5 22. Rb4 Bd7 23. Nd1 Nc6 24. Rb1 Na5 25. Rb4 Nc6 26. Rb1 Na5 27. Rb4 Nc6
28. Rb1 Na5 29. Rb4 1/2-1/2

[Event "GBR-ch"]
[Site "Aberystwyth, Wales"]
[Date "2014.07.19"]
[Round "1.29"]
[White "Van Kemenade, Rudy"]
[Black "Hill, Alistair"]
[Result "1/2-1/2"]
[WhiteElo "1964"]
[BlackElo "2126"]
[PlyCount "121"]
[EventDate "2014.07.19"]
[EventType "swiss"]
[EventRounds "11"]
[EventCountry "GBR"]
[Source "John Saunders"]
[SourceDate "2015.07.24"]

1. e4 c5 2. Nf3 Nc6 3. Bb5 g6 4. O-O Bg7 5. c3 Nf6 6. Re1 O-O 7. h3 a6 8. Bf1
e5 9. d4 cxd4 10. cxd4 exd4 11. Nxd4 d5 12. Nxc6 bxc6 13. exd5 Nxd5 14. Na3 Be6
15. Nc4 Rb8 16. a3 Nb6 17. Qxd8 Rfxd8 18. Nxb6 Rxb6 19. Be3 Rxb2 20. Bxa6 Rb3
21. Rac1 Bc3 22. Red1 Rxd1+ 23. Rxd1 Rxa3 24. Rd8+ Kg7 25. Bb7 Be5 26. f4 Rxe3
27. fxe5 Bd5 28. Rc8 Re2 29. g4 Rg2+ 30. Kf1 Rc2 31. Kg1 g5 32. Rc7 Re2 33. Rc8
Rxe5 34. Bxc6 Re1+ 35. Kf2 Rc1 36. Bb7 Rxc8 37. Bxc8 Kf6 38. Kg3 Ke5 39. Bd7 h6
40. Bc8 Bb3 41. Bd7 Bd1 42. Bc8 Be2 43. Bd7 Bc4 44. Bc8 Be6 45. Bb7 h5 46. Bc6
h4+ 47. Kh2 Kf4 48. Be8 f6 49. Bc6 Bc8 50. Ba4 Bxg4 51. hxg4 Kxg4 52. Bd7+ f5
53. Be6 Kf4 54. Kh3 Ke5 55. Bc8 Ke4 56. Bb7+ Ke3 57. Bc6 Kf2 58. Bd7 g4+ 59.
Kxh4 g3 60. Bc6 f4 61. Kg4 1/2-1/2

[Event "GBR-ch"]
[Site "Aberystwyth, Wales"]
[Date "2014.07.20"]
[Round "2.1"]
[White "Howell, David W L"]
[Black "Jackson, James P"]
[Result "1-0"]
[WhiteElo "2650"]
[BlackElo "2320"]
[PlyCount "81"]
[EventDate "2014.07.19"]
[EventType "swiss"]
[EventRounds "11"]
[EventCountry "GBR"]
[Source "John Saunders"]
[SourceDate "2015.07.24"]

1. g3 Nf6 2. Bg2 d5 3. Nf3 c5 4. O-O Nc6 5. d4 e6 6. c4 Be7 7. dxc5 Bxc5 8. a3
Ne4 9. Qc2 Qb6 10. e3 O-O 11. Rd1 Rd8 12. b4 Be7 13. Bb2 Bf6 14. Bxf6 Nxf6 15.
Nc3 dxc4 16. Nd2 Ne5 17. Nxc4 Nxc4 18. Na4 Rxd1+ 19. Rxd1 Qc7 20. Qxc4 Qe7 21.
Qc5 Qe8 22. Nc3 e5 23. h3 h6 24. Qc7 Bg4 25. hxg4 Rc8 26. Qxb7 Rxc3 27. Qxa7
Qe6 28. b5 Qb3 29. Qb8+ Kh7 30. Rf1 e4 31. Qe5 Rc4 32. a4 Rxa4 33. Rc1 Rc4 34.
Ra1 Ra4 35. Rc1 Rc4 36. Rxc4 Qxc4 37. b6 Qb4 38. Qf5+ Kg8 39. Qc8+ Kh7 40. b7
Qe1+ 41. Bf1 1-0

[Event "GBR-ch"]
[Site "Aberystwyth, Wales"]
[Date "2014.07.20"]
[Round "2.2"]
[White "Rudd, Jack"]
[Black "Pert, Nicholas"]
[Result "0-1"]
[WhiteElo "2278"]
[BlackElo "2564"]
[PlyCount "132"]
[EventDate "2014.07.19"]
[EventType "swiss"]
[EventRounds "11"]
[EventCountry "GBR"]
[Source "John Saunders"]
[SourceDate "2015.07.24"]

1. e4 e6 2. d4 d5 3. Nd2 Nf6 4. e5 Nfd7 5. f4 c5 6. c3 Nc6 7. Ndf3 Qb6 8. a3
Be7 9. b3 h6 10. h4 a6 11. h5 Qc7 12. Bb2 b5 13. Ne2 Nb6 14. dxc5 Bxc5 15. Ned4
Be7 16. Nxc6 Qxc6 17. Nd4 Qc7 18. Bd3 Nd7 19. Qg4 Bf8 20. O-O Nc5 21. Bc2 Bd7
22. f5 O-O-O 23. a4 bxa4 24. b4 Ne4 25. fxe6 fxe6 26. Bxa4 Qxe5 27. Bxd7+ Rxd7
28. Qe2 Bd6 29. Qxa6+ Rb7 30. Nf3 Qg3 31. Qa8+ Bb8 32. c4 Ng5 33. Ne5 Nh3+ 34.
Kh1 Nf2+ 35. Rxf2 Qxf2 36. Qa6 Qb6 37. Qa4 Ra7 38. Qc2 Rxa1+ 39. Bxa1 Qa6 40.
cxd5+ Kb7 41. Qc6+ Qxc6 42. dxc6+ Kb6 43. Nd7+ Kxc6 44. Bxg7 Rd8 45. Nxb8+ Rxb8
46. Bxh6 Rxb4 47. g3 Rb5 48. g4 Rb4 49. Kh2 Rxg4 50. Kh3 Rg8 51. Kh4 Kd5 52.
Bg5 e5 53. h6 Ke6 54. Kh5 Kf5 55. Be7 Rh8 56. Bb4 e4 57. Bd2 Rd8 58. Bg5 Rg8
59. Bh4 Rh8 60. Bf2 Rh7 61. Be3 Rd7 62. Bg5 Rb7 63. Kh4 Rb3 64. Bc1 Rc3 65. Bd2
Rd3 66. Bc1 e3 0-1

[Event "GBR-ch"]
[Site "Aberystwyth, Wales"]
[Date "2014.07.20"]
[Round "2.3"]
[White "Hebden, Mark L"]
[Black "Brown, Martin"]
[Result "1-0"]
[WhiteElo "2554"]
[BlackElo "2194"]
[PlyCount "137"]
[EventDate "2014.07.19"]
[EventType "swiss"]
[EventRounds "11"]
[EventCountry "GBR"]
[Source "John Saunders"]
[SourceDate "2015.07.24"]

1. d4 Nf6 2. Bg5 g6 3. Bxf6 exf6 4. e3 d5 5. Nd2 Bg7 6. c4 O-O 7. Ne2 dxc4 8.
Nxc4 Na6 9. Nc3 c5 10. d5 Rb8 11. a4 Nb4 12. Be2 f5 13. Bf3 b6 14. O-O Ba6 15.
Qb3 Rb7 16. Rfd1 Rd7 17. Nb5 Bxb5 18. axb5 Nxd5 19. g3 h5 20. h4 Bf6 21. Qd3
Qe7 22. Bxd5 Rfd8 23. Qb3 Rxd5 24. Rxd5 Rxd5 25. Nxb6 Rd2 26. Nc4 Rd7 27. Rd1
Rxd1+ 28. Qxd1 Qe4 29. b3 f4 30. exf4 Bd4 31. Na5 Qd5 32. Qe2 Qd7 33. Nc6 Bf6
34. Qc4 Qd1+ 35. Kg2 Bd4 36. Qd5 Qc2 37. Nxd4 cxd4 38. Qd8+ Kh7 39. Qxd4 Qxb3
40. Qxa7 Qxb5 41. Qxf7+ Kh6 42. Qf8+ Kh7 43. Qe7+ Kg8 44. Qe6+ Kh7 45. Qe7+ Kg8
46. Qe4 Kf7 47. Kg1 Qc5 48. Qe5 Qc1+ 49. Kh2 Qc2 50. Qd5+ Kg7 51. Kg2 Kh7 52.
Qd7+ Kg8 53. Kf3 Kf8 54. f5 gxf5 55. Qd4 Kf7 56. Kf4 Kg6 57. Qb6+ Kg7 58. Kg5
Qd2+ 59. f4 Qd3 60. Qg6+ Kh8 61. Qxh5+ Kg8 62. Qg6+ Kh8 63. Qf6+ Kg8 64. Qe6+
Kg7 65. Qf6+ Kg8 66. Kh6 Qd7 67. Kg6 Qe8+ 68. Kxf5 Qe3 69. Qe6+ 1-0

[Event "GBR-ch"]
[Site "Aberystwyth, Wales"]
[Date "2014.07.20"]
[Round "2.4"]
[White "Haria, Ravi"]
[Black "Hawkins, Jonathan"]
[Result "0-1"]
[WhiteElo "2202"]
[BlackElo "2516"]
[PlyCount "60"]
[EventDate "2014.07.19"]
[EventType "swiss"]
[EventRounds "11"]
[EventCountry "GBR"]
[Source "John Saunders"]
[SourceDate "2015.07.24"]

1. e4 e6 2. d4 d5 3. Nd2 c5 4. Ngf3 cxd4 5. Nxd4 Nc6 6. Bb5 Bd7 7. Nxc6 bxc6 8.
Bd3 Bd6 9. O-O Qc7 10. g3 Nf6 11. f4 e5 12. fxe5 Bxe5 13. exd5 Bh3 14. Re1 O-O
15. Nc4 Bd4+ 16. Be3 Bxe3+ 17. Nxe3 cxd5 18. Bf5 Bxf5 19. Nxf5 Rab8 20. b3 Qc5+
21. Kg2 Rfe8 22. Qd2 Ne4 23. Qd4 Qxc2+ 24. Kg1 Nf6 25. Nh6+ Kf8 26. Rxe8+ Rxe8
27. Qb4+ Re7 28. Re1 Ne4 29. Ng8 Qf2+ 30. Kh1 Nxg3+ 0-1

[Event "GBR-ch"]
[Site "Aberystwyth, Wales"]
[Date "2014.07.20"]
[Round "2.5"]
[White "Zhou, Yang-Fan"]
[Black "Jones, Steven A"]
[Result "1-0"]
[WhiteElo "2475"]
[BlackElo "2064"]
[PlyCount "129"]
[EventDate "2014.07.19"]
[EventType "swiss"]
[EventRounds "11"]
[EventCountry "GBR"]
[Source "John Saunders"]
[SourceDate "2015.07.24"]

1. e4 c5 2. Nf3 Nc6 3. d4 cxd4 4. Nxd4 Nf6 5. Nc3 e5 6. Ndb5 d6 7. Bg5 a6 8.
Na3 b5 9. Bxf6 gxf6 10. Nd5 f5 11. Bd3 Be6 12. O-O Bxd5 13. exd5 Ne7 14. Qh5 e4
15. Be2 Bg7 16. c3 Qc8 17. Rad1 O-O 18. Nc2 Ng6 19. f4 Rb8 20. a3 Ne7 21. Kh1
Qc5 22. Nd4 Bxd4 23. Rxd4 Kh8 24. Rfd1 a5 25. Qh6 f6 26. Bf1 Rf7 27. Qh3 b4 28.
cxb4 axb4 29. Qb3 Ng6 30. axb4 Rfb7 31. Qc3 Qxc3 32. bxc3 Nxf4 33. b5 Ng6 34.
Be2 Ra7 35. c4 Ra3 36. Kg1 Kg7 37. Rc1 Rc8 38. Rb1 Nf4 39. Bf1 Kf7 40. Rdd1 e3
41. Rd4 Ng6 42. Rd3 Rxd3 43. Bxd3 Nf4 44. Bxf5 Rg8 45. g3 Ne2+ 46. Kg2 Nd4 47.
Be6+ Nxe6 48. dxe6+ Kxe6 49. Kf3 Rc8 50. b6 Kd7 51. Kxe3 Kc6 52. b7 Rb8 53. Kd4
f5 54. Rb5 Rxb7 55. Rxb7 Kxb7 56. Kd5 Kc7 57. Ke6 Kc6 58. Kxf5 Kc5 59. Ke6 Kxc4
60. Kxd6 Kd4 61. Ke6 Ke4 62. Kf6 Kf3 63. Kg7 h5 64. Kg6 Kg4 65. h4 1-0

[Event "GBR-ch"]
[Site "Aberystwyth, Wales"]
[Date "2014.07.20"]
[Round "2.6"]
[White "Batchelor, Peter J"]
[Black "Williams, Simon K"]
[Result "1/2-1/2"]
[WhiteElo "2177"]
[BlackElo "2462"]
[PlyCount "71"]
[EventDate "2014.07.19"]
[EventType "swiss"]
[EventRounds "11"]
[EventCountry "GBR"]
[Source "John Saunders"]
[SourceDate "2015.07.24"]

1. Nf3 c5 2. c4 Nf6 3. Nc3 e6 4. d4 cxd4 5. Nxd4 a6 6. a3 Qc7 7. e4 Nc6 8. Be3
Be7 9. Be2 d6 10. O-O Bd7 11. Rc1 Nxd4 12. Qxd4 O-O 13. Rfd1 Rac8 14. h3 Qb8
15. b4 b5 16. cxb5 axb5 17. Qd3 Bc6 18. Bg5 Qb7 19. Nxb5 Bxe4 20. Qg3 Rxc1 21.
Rxc1 Qd5 22. Nc3 Qf5 23. Bxf6 Bxf6 24. Nxe4 Qxe4 25. Bf3 Qd3 26. Rd1 Qxa3 27.
Qxd6 g6 28. b5 Qb2 29. b6 Be5 30. Qc5 Bb8 31. b7 Qf6 32. Bc6 Rd8 33. Rxd8+ Qxd8
34. Bd7 Kg7 35. Qc8 Qc7 36. Qxc7 1/2-1/2

[Event "GBR-ch"]
[Site "Aberystwyth, Wales"]
[Date "2014.07.20"]
[Round "2.7"]
[White "Emms, John M"]
[Black "Bullen, Alex"]
[Result "1-0"]
[WhiteElo "2456"]
[BlackElo "2054"]
[PlyCount "53"]
[EventDate "2014.07.19"]
[EventType "swiss"]
[EventRounds "11"]
[EventCountry "GBR"]
[Source "John Saunders"]
[SourceDate "2015.07.24"]

1. e4 c6 2. d4 d5 3. Nd2 dxe4 4. Nxe4 Bf5 5. Ng3 Bg6 6. Nh3 Nf6 7. Nf4 e5 8.
dxe5 Qxd1+ 9. Kxd1 Ng4 10. Nxg6 hxg6 11. Ne4 Nxe5 12. Be2 c5 13. c3 Nbc6 14.
Be3 Nd7 15. Kc2 Be7 16. Rad1 O-O-O 17. Nd6+ Bxd6 18. Rxd6 Rhe8 19. Rhd1 Nce5
20. R6d5 b6 21. Ba6+ Kc7 22. Bf4 Re7 23. Bb5 f6 24. h4 Kc8 25. Bg3 Rh8 26. f4
Ng4 27. Bxd7+ 1-0

[Event "GBR-ch"]
[Site "Aberystwyth, Wales"]
[Date "2014.07.20"]
[Round "2.8"]
[White "Pert, Richard G"]
[Black "Taylor, Adam A"]
[Result "1-0"]
[WhiteElo "2430"]
[BlackElo "2021"]
[PlyCount "63"]
[EventDate "2014.07.19"]
[EventType "swiss"]
[EventRounds "11"]
[EventCountry "GBR"]
[Source "John Saunders"]
[SourceDate "2015.07.24"]

1. e4 c5 2. Nf3 e6 3. Nc3 Nc6 4. Bb5 Nge7 5. O-O a6 6. Bxc6 Nxc6 7. d4 cxd4 8.
Nxd4 Be7 9. Re1 O-O 10. Nxc6 dxc6 11. Qh5 g6 12. Qf3 e5 13. Be3 Qa5 14. a3 b5
15. Qg3 f6 16. f4 exf4 17. Bxf4 Qb6+ 18. Kh1 Be6 19. Rad1 Qa7 20. e5 f5 21. Be3
Qc7 22. Ne2 Rfd8 23. Nd4 Bc8 24. Bg5 Bxg5 25. Qxg5 c5 26. Nxb5 Rxd1 27. Rxd1
axb5 28. Rd8+ Kg7 29. Qf6+ Kh6 30. Rg8 Ra4 31. b4 Kh5 32. h4 1-0

[Event "GBR-ch"]
[Site "Aberystwyth, Wales"]
[Date "2014.07.20"]
[Round "2.9"]
[White "Kalaiyalahan, Akshaya"]
[Black "Ward, Chris G"]
[Result "0-1"]
[WhiteElo "2016"]
[BlackElo "2422"]
[PlyCount "106"]
[EventDate "2014.07.19"]
[EventType "swiss"]
[EventRounds "11"]
[EventCountry "GBR"]
[Source "John Saunders"]
[SourceDate "2015.07.24"]

1. Nf3 d5 2. g3 Nf6 3. Bg2 e6 4. O-O Be7 5. d4 O-O 6. c4 dxc4 7. Qc2 a6 8. Qxc4
b5 9. Qc2 Bb7 10. Bd2 Be4 11. Qc1 b4 12. Bf4 Nd5 13. Re1 Nxf4 14. Qxf4 Bb7 15.
Nbd2 Bd6 16. Qe3 Nd7 17. Qd3 Rb8 18. Nc4 Nf6 19. e4 Be7 20. Na5 Ba8 21. Ne5 Rb6
22. Qc4 c5 23. dxc5 Bxc5 24. Nb3 Be7 25. Rad1 Qc8 26. Qxc8 Rxc8 27. Nd2 Rd6 28.
Nec4 Rd4 29. b3 Rcd8 30. f3 Bc5 31. Kf1 Bc6 32. Ke2 Bb5 33. Nf1 Kf8 34. Nfe3
Ke7 35. Bf1 h5 36. Rxd4 Rxd4 37. Rd1 h4 38. Rxd4 Bxd4 39. g4 g5 40. h3 Nd7 41.
Kd3 Bc5 42. Kd2 Nb8 43. Ng2 Nc6 44. Ne1 Kf6 45. Nd3 Bxc4 46. bxc4 Bd4 47. Be2
a5 48. Bd1 Ne5 49. Nxe5 Kxe5 50. Kd3 Bc5 51. Ba4 Kf4 52. Ke2 e5 53. Bd1 Kg3 0-1

[Event "GBR-ch"]
[Site "Aberystwyth, Wales"]
[Date "2014.07.20"]
[Round "2.10"]
[White "Fernandez, Daniel Howard"]
[Black "Davis, Lee"]
[Result "1-0"]
[WhiteElo "2396"]
[BlackElo "1978"]
[PlyCount "105"]
[EventDate "2014.07.19"]
[EventType "swiss"]
[EventRounds "11"]
[EventCountry "GBR"]
[Source "John Saunders"]
[SourceDate "2015.07.24"]

1. d4 Nf6 2. Nf3 e6 3. c4 b6 4. a3 Bb7 5. Bg5 Be7 6. Nc3 Ne4 7. Nxe4 Bxe4 8.
Bxe7 Qxe7 9. e3 c5 10. Bd3 Bxd3 11. Qxd3 Nc6 12. O-O O-O 13. d5 exd5 14. Qxd5
Qf6 15. Rab1 Rad8 16. Rfd1 Rfe8 17. b4 cxb4 18. axb4 Ne5 19. Nxe5 Rxe5 20. Qb7
a5 21. bxa5 Rxa5 22. Qxb6 Qxb6 23. Rxb6 Rc5 24. Rxd7 Rdc8 25. g3 Rxc4 26. Rbb7
Rf8 27. Re7 Rcc8 28. f4 Rce8 29. Kf2 Rxe7 30. Rxe7 h6 31. Kf3 Rb8 32. Kg4 Kf8
33. Ra7 g6 34. e4 Rb2 35. h4 Rb3 36. h5 gxh5+ 37. Kh4 Kg7 38. e5 Kg6 39. Ra6+
Kg7 40. e6 Rb1 41. Kh3 Rb7 42. exf7 Rxf7 43. Kh4 Rf5 44. Re6 Rb5 45. Re5 Rb1
46. Kxh5 Rb3 47. Kg4 Kg6 48. Re6+ Kg7 49. Ra6 h5+ 50. Kh4 Rb5 51. Re6 Rb3 52.
Re5 Kg6 53. Rg5+ 1-0

[Event "GBR-ch"]
[Site "Aberystwyth, Wales"]
[Date "2014.07.20"]
[Round "2.11"]
[White "Fathallah, Joe"]
[Black "Tan, Justin"]
[Result "0-1"]
[WhiteElo "1953"]
[BlackElo "2375"]
[PlyCount "72"]
[EventDate "2014.07.19"]
[EventType "swiss"]
[EventRounds "11"]
[EventCountry "GBR"]
[Source "John Saunders"]
[SourceDate "2015.07.24"]

1. d4 e6 2. c4 Bb4+ 3. Bd2 a5 4. a3 Bxd2+ 5. Qxd2 Nc6 6. Nc3 d6 7. Nf3 Nf6 8.
e3 O-O 9. Be2 Qe7 10. Rd1 b6 11. O-O h6 12. Qc2 Bd7 13. Nb5 Rfc8 14. d5 Nd8 15.
e4 e5 16. b4 Nb7 17. Qd3 axb4 18. axb4 Ra4 19. Rb1 g6 20. Rb3 Kg7 21. Ne1 c5
22. dxc6 Bxc6 23. Nc3 Ra1 24. Nc2 Rxf1+ 25. Bxf1 Qc7 26. Ne3 Ra8 27. Ned5 Nxd5
28. Nxd5 Bxd5 29. Qxd5 Ra1 30. Rd3 Rb1 31. b5 Rc1 32. Rh3 Na5 33. Rxh6 Rxf1+
34. Kxf1 Kxh6 35. Qa8 Qxc4+ 36. Ke1 Kg7 0-1

[Event "GBR-ch"]
[Site "Aberystwyth, Wales"]
[Date "2014.07.20"]
[Round "2.12"]
[White "Harvey, Marcus R"]
[Black "Graham, David B"]
[Result "1-0"]
[WhiteElo "2287"]
[BlackElo "2155"]
[PlyCount "113"]
[EventDate "2014.07.19"]
[EventType "swiss"]
[EventRounds "11"]
[EventCountry "GBR"]
[Source "John Saunders"]
[SourceDate "2015.07.24"]

1. b3 Nf6 2. Bb2 d5 3. Nf3 g6 4. c4 c6 5. e3 Bg7 6. Be2 O-O 7. O-O Bg4 8. h3
Bxf3 9. Bxf3 Nbd7 10. d4 Re8 11. Nc3 dxc4 12. bxc4 e5 13. Qb3 Qb6 14. Rfd1 Rad8
15. Na4 Qxb3 16. axb3 exd4 17. Bxd4 a6 18. Kf1 b5 19. Nc5 Nxc5 20. Bxc5 Ne4 21.
Bd4 c5 22. Bxg7 Rxd1+ 23. Rxd1 Kxg7 24. Rd5 bxc4 25. bxc4 f5 26. Bxe4 fxe4 27.
Rxc5 Rb8 28. g4 h6 29. Rc7+ Kf6 30. Rc6+ Kg5 31. Rxa6 Rc8 32. Ra4 Kh4 33. Kg2
Rc5 34. Ra6 Kg5 35. Kg3 h5 36. h4+ Kh6 37. g5+ Kg7 38. Rd6 Rxc4 39. Rd7+ Kf8
40. Rd4 Rc1 41. Rxe4 Rh1 42. Rf4+ Kg7 43. Ra4 Rg1+ 44. Kh2 Re1 45. Ra7+ Kf8 46.
Kg2 Rb1 47. e4 Rb3 48. f3 Rb1 49. Kg3 Rg1+ 50. Kf4 Rh1 51. Ke5 Rxh4 52. f4 Rg4
53. f5 gxf5 54. exf5 Rb4 55. f6 h4 56. g6 Ke8 57. Ra8+ 1-0

[Event "GBR-ch"]
[Site "Aberystwyth, Wales"]
[Date "2014.07.20"]
[Round "2.13"]
[White "Zhang, Anthony Y"]
[Black "Kett, Tim"]
[Result "1/2-1/2"]
[WhiteElo "1926"]
[BlackElo "2270"]
[PlyCount "102"]
[EventDate "2014.07.19"]
[EventType "swiss"]
[EventRounds "11"]
[EventCountry "GBR"]
[Source "John Saunders"]
[SourceDate "2015.07.24"]

1. d4 d5 2. Nf3 Nf6 3. c4 c6 4. e3 e6 5. Nbd2 Nbd7 6. Bd3 dxc4 7. Nxc4 c5 8. a4
cxd4 9. exd4 Bb4+ 10. Bd2 Bxd2+ 11. Qxd2 O-O 12. a5 Nd5 13. O-O N7f6 14. Rfc1
Qe7 15. Nce5 Bd7 16. a6 b6 17. Ng5 h6 18. Ne4 Rac8 19. Nxf6+ Nxf6 20. Rxc8 Rxc8
21. Rc1 Rxc1+ 22. Qxc1 Qd6 23. Qc4 b5 24. Qc5 Qxa6 25. Nxd7 Nxd7 26. Qxb5 Qa1+
27. Bf1 Nf6 28. g3 a5 29. Kg2 g6 30. Qe5 Kg7 31. b3 Qc3 32. Be2 Qxb3 33. Qxa5
Qd5+ 34. Qxd5 Nxd5 35. Kf3 Kf6 36. Bc4 Nb4 37. Ke4 g5 38. g4 Nc6 39. Bb3 Ne7
40. d5 exd5+ 41. Bxd5 Ng6 42. Kf3 Ke7 43. Ke4 Kf6 44. Bb3 Ne5 45. Bd1 Ng6 46.
Bb3 Nf4 47. Bc4 Nh3 48. f3 Kg6 49. Bf1 Nf4 50. h4 Ne6 51. hxg5 hxg5 1/2-1/2

[Event "GBR-ch"]
[Site "Aberystwyth, Wales"]
[Date "2014.07.20"]
[Round "2.14"]
[White "Fernandez, Michael"]
[Black "Mason, Donald J"]
[Result "1-0"]
[WhiteElo "2029"]
[BlackElo "2167"]
[PlyCount "81"]
[EventDate "2014.07.19"]
[EventType "swiss"]
[EventRounds "11"]
[EventCountry "GBR"]
[Source "John Saunders"]
[SourceDate "2015.07.24"]

1. e4 e6 2. d4 d5 3. Nc3 Bb4 4. e5 c5 5. a3 Bxc3+ 6. bxc3 Ne7 7. Qg4 Qc7 8.
Qxg7 Rg8 9. Qxh7 cxd4 10. Ne2 Nbc6 11. f4 dxc3 12. Qd3 d4 13. Nxd4 Nxd4 14.
Qxd4 Bd7 15. Rg1 Nf5 16. Qf2 Qc6 17. Bd3 Qd5 18. Be3 Nxe3 19. Qxe3 Rxg2 20.
Rxg2 Qxg2 21. Be4 Qd2+ 22. Qxd2 cxd2+ 23. Kxd2 O-O-O 24. h4 Bc6+ 25. Ke3 Bxe4
26. Kxe4 Rh8 27. Rh1 Kd7 28. h5 Rh6 29. Rh3 Ke7 30. Kf3 Rh7 31. h6 f5 32. exf6+
Kxf6 33. Ke4 b5 34. Rh2 a5 35. c3 Kg6 36. Ke5 Kf7 37. f5 exf5 38. Kxf5 Rh8 39.
h7 Kg7 40. Kg5 Kf7 41. Kh6 1-0

[Event "GBR-ch"]
[Site "Aberystwyth, Wales"]
[Date "2014.07.20"]
[Round "2.15"]
[White "Willmoth, Robert F"]
[Black "Slade, Theodore"]
[Result "1-0"]
[WhiteElo "2159"]
[BlackElo "1818"]
[PlyCount "65"]
[EventDate "2014.07.19"]
[EventType "swiss"]
[EventRounds "11"]
[EventCountry "GBR"]
[Source "John Saunders"]
[SourceDate "2015.07.24"]

1. c4 c5 2. g3 g6 3. Bg2 Bg7 4. Nc3 Nc6 5. Nf3 e5 6. O-O Nge7 7. a3 a5 8. Ne1
d6 9. Nc2 Be6 10. Ne3 O-O 11. Ned5 Rb8 12. Rb1 Qd7 13. d3 Bh3 14. Qa4 Bxg2 15.
Kxg2 Rfd8 16. Bg5 Kf8 17. Nxe7 Nxe7 18. Bxe7+ Kxe7 19. Qxa5 Qc6+ 20. Nd5+ Kf8
21. Qc7 Qxc7 22. Nxc7 Rd7 23. Nb5 d5 24. cxd5 Rxd5 25. Rfc1 Rbd8 26. Nc7 R5d7
27. Rxc5 e4 28. dxe4 Rd2 29. e3 Bxb2 30. a4 Re2 31. Nd5 f5 32. Nf4 Red2 33.
Ne6+ 1-0

[Event "GBR-ch"]
[Site "Aberystwyth, Wales"]
[Date "2014.07.20"]
[Round "2.16"]
[White "Hill, Alistair"]
[Black "Fraser, John"]
[Result "1-0"]
[WhiteElo "2126"]
[BlackElo "1854"]
[PlyCount "131"]
[EventDate "2014.07.19"]
[EventType "swiss"]
[EventRounds "11"]
[EventCountry "GBR"]
[Source "John Saunders"]
[SourceDate "2015.07.24"]

1. e4 c5 2. Nf3 d6 3. d4 cxd4 4. Nxd4 Nf6 5. Nc3 g6 6. Be3 Bg7 7. f3 O-O 8. Qd2
Nc6 9. Bc4 Bd7 10. Bb3 Rc8 11. O-O-O Ne5 12. Kb1 b5 13. Ndxb5 a6 14. Na3 Be6
15. Nd5 Nfd7 16. f4 Ng4 17. Bd4 Bh6 18. Qe2 Bxd5 19. exd5 Ngf6 20. Rhf1 a5 21.
g4 Bg7 22. Nb5 Rb8 23. g5 Nh5 24. Bxg7 Nxg7 25. Nd4 Qb6 26. c3 Nc5 27. Rd2 a4
28. Bc4 a3 29. b3 Na4 30. Ka1 Nb2 31. Nc2 Nxc4 32. Qxc4 Rfc8 33. Qd3 Qc5 34. c4
Nf5 35. Nd4 Nxd4 36. Qxd4 Qxd4+ 37. Rxd4 Rb4 38. f5 Kg7 39. Re4 Rc7 40. Rxe7
Rxe7 41. f6+ Kf8 42. fxe7+ Kxe7 43. Kb1 Rb8 44. Kc2 h6 45. gxh6 Rh8 46. Kc3
Rxh6 47. Rf2 Rh8 48. b4 Rh3+ 49. Kc2 f5 50. Re2+ Kd7 51. Rg2 f4 52. Rxg6 Rxh2+
53. Kb3 Rh3+ 54. Ka4 Rc3 55. Rf6 Rxc4 56. Kxa3 Rd4 57. Rf7+ Kc8 58. Rf5 Kb7 59.
Kb3 Kb6 60. Kc3 Rd1 61. Rxf4 Rxd5 62. Rd4 Rh5 63. Rxd6+ Kb5 64. a4+ Kxa4 65.
Ra6+ Kb5 66. Ra5+ 1-0

[Event "GBR-ch"]
[Site "Aberystwyth, Wales"]
[Date "2014.07.20"]
[Round "2.17"]
[White "Hill, Clive E"]
[Black "Wager, John D"]
[Result "1/2-1/2"]
[WhiteElo "2330"]
[BlackElo "2099"]
[PlyCount "51"]
[EventDate "2014.07.19"]
[EventType "swiss"]
[EventRounds "11"]
[EventCountry "GBR"]
[Source "John Saunders"]
[SourceDate "2015.07.24"]

1. d4 d5 2. Nc3 Nf6 3. Bf4 c6 4. e3 g6 5. h3 Bg7 6. Nf3 O-O 7. Bd3 Nbd7 8. Bh2
b5 9. a3 a5 10. e4 dxe4 11. Nxe4 Nxe4 12. Bxe4 Qb6 13. c3 Nf6 14. Bc2 Be6 15.
Bb3 Bxb3 16. Qxb3 Ne4 17. O-O Rfe8 18. g4 Nd6 19. Bxd6 exd6 20. Rae1 Qb7 21.
Re3 Rxe3 22. fxe3 Qe7 23. e4 Re8 24. Re1 Qf6 25. Qd1 Qf4 26. Qe2 1/2-1/2

[Event "GBR-ch"]
[Site "Aberystwyth, Wales"]
[Date "2014.07.20"]
[Round "2.18"]
[White "Lewis, Andrew P"]
[Black "Simons, Martin J"]
[Result "1-0"]
[WhiteElo "2286"]
[BlackElo "2087"]
[PlyCount "53"]
[EventDate "2014.07.19"]
[EventType "swiss"]
[EventRounds "11"]
[EventCountry "GBR"]
[Source "John Saunders"]
[SourceDate "2015.07.24"]

1. Nf3 d6 2. c4 e5 3. d4 Nd7 4. Nc3 Ngf6 5. e4 Be7 6. Be2 O-O 7. O-O c6 8. Qc2
Re8 9. Be3 Qc7 10. Rad1 a6 11. a3 b5 12. cxb5 cxb5 13. Rc1 Bb7 14. d5 Rac8 15.
Nd2 Bf8 16. Qb1 Qd8 17. b4 Nb6 18. Nb3 Nfd7 19. Na5 Rc7 20. Nxb5 axb5 21. Bxb5
Rxc1 22. Rxc1 Bxd5 23. exd5 Nxd5 24. Qb3 Nxe3 25. Qxe3 Re6 26. Nb7 Qe8 27. Rc7
1-0